Tate McRae Songs- Sudden Death - Statistics

General Stats
  • This quiz has been taken 2,827 times
  • The average score is 10 of 17
Answers on the Grid
Answers color-coded by a green-red scale on the quiz's grid according to % correct below.
Greedy
Karma
Guilty Pleasure
Plastic Palm Trees
Hurt My Feelings
Calgary
Messier
Levitating
Red Wine Supernova
Logical
The Boy Is Mine
She's All I Wanna Be
Blank Space
What Would You Do?
Exes
Making The Bed
Apple
You're So Cool
Physical
You Broke Me First
Run For The Hills
Slow It Down
Girl, So Confusing
Think Later
Cut My Hair
Because I Liked A Boy
Grave
Nonsense
It's Ok, I'm Ok
Bad Blood
2 Hands
Stay Done
 
Answer Stats
Answer % Correct
Greedy
97%
It's Ok, I'm Ok
73%
Run For The Hills
69%
You Broke Me First
69%
Exes
68%
Hurt My Feelings
65%
She's All I Wanna Be
65%
2 Hands
64%
Calgary
61%
Cut My Hair
59%
Think Later
59%
Plastic Palm Trees
58%
Messier
54%
Grave
51%
What Would You Do?
47%
Stay Done
45%
You're So Cool
43%
No matching quizzes found
Score Distribution
Percent of People with Each Score
Percentile by Number Answered
Your Score History
You have not taken this quiz